Home and hegemony : domestic service and identity politics in South and Southeast Asia
Αποθηκεύτηκε σε:
| Άλλοι συγγραφείς: | , |
|---|---|
| Μορφή: | Βιβλίο |
| Γλώσσα: | English |
| Δημοσίευση: |
The University of Michigan Press :
Ann Arbor,
2003, 2000
|
| Θέματα: | |
| Ετικέτες: |
Προσθήκη ετικέτας
Δεν υπάρχουν, Καταχωρήστε ετικέτα πρώτοι!
|
MARC
| LEADER | 00000nam a2200000 i 4500 | ||
|---|---|---|---|
| 001 | 1/46624 | ||
| 008 | 070621s2000 eng d | ||
| 020 | |a 978-0-472-11106-0 (hbk.) | ||
| 020 | |a 0-472-11106-X (hbk.) | ||
| 035 | |l 10088425 | ||
| 040 | |a GR-MY-UA |b gre |e aacr | ||
| 041 | 0 | |a eng | |
| 082 | 0 | |a 305.800954 |2 (22) | |
| 245 | 1 | 0 | |a Home and hegemony : |b domestic service and identity politics in South and Southeast Asia / |c edited by Kathleen M. Adams and Sara Dickey |
| 260 | |a The University of Michigan Press : |b Ann Arbor, |c 2003, 2000 | ||
| 300 | |a 307 σ.; |c 24 εκ. | ||
| 504 | |a Περιλαμβάνει βιβλιογραφικές παραπομπές και ευρετήριο | ||
| 650 | 0 | 0 | |a Domestics |z South Asia. |
| 650 | 0 | 0 | |a Domestics |z Asia, Southeastern. |
| 650 | 0 | 0 | |a Minorities |x Employment |z South Asia. |
| 650 | 0 | 0 | |a Minorities |x Employment |z Asia, Southeastern. |
| 651 | 0 | |a South Asia |x Ethnic relations. | |
| 651 | 0 | |a Asia, Southeastern |x Ethnic relations. | |
| 700 | 1 | |a Adams, Kathleen M. |d 1957- |4 edt | |
| 700 | 1 | |a Dickey, Sara. |4 edt | |
| 852 | |a INST |b LESVOS |e 20070621 |h 305.800954 HOM |p 005100038215 |q 005100038215 |t BK |y 0 | ||
| 901 | |a BIBL1-2007-2 | ||
| 909 | |a Λ |b 132891 | ||
| 920 | |a ΕΠΕΑΕΚ ΚΟΙΝΩΝΙΚΗΣ ΑΝΘΡΩΠΟΛΟΓΙΑΣ ΚΑΙ ΙΣΤΟΡΙΑΣ "ΠΥΘΑΓΟΡΑΣ" |y ΛΕΣΒΟΣ |z 2007-06 | ||
| 970 | |a ΒΑΡΚΑ |b ΕΛΕΥΘΕΡΙΑ |z 2007/06/21 | ||